000 00623nam a2200265Ia 4500
005 20260121170414.0
008 008 260114s9999 xx 000 0 eng d
020 _a9781137592583
037 _aEBOOK
040 _aCRL
040 _beng
040 _cCRL
041 _2eng
041 _aeng
084 _qCRL
100 _aRobert C. Brears
_91063493
245 0 _aBlue and Green Cities
260 _bSpringer
260 _bSpringer
260 _c2018
856 _uhttps://link.springer.com/openurl?genre=book&isbn=978-1-137-59258-3
942 _cEBOOK
999 _c1629222
_d1629222